[Event "SRB-ch sf"]
[Site "Paracin"]
[Date "2024.02.09"]
[Round "6"]
[White "Stankovic, Boris"]
[Black "Leskovac, Nikola"]
[Result "1-0"]
[WhiteElo "2310"]
[BlackElo "2024"]
[PlyCount "125"]
[EventDate "2024.02.05"]
[EventType "swiss"]
[EventRounds "9"]
[EventCountry "SRB"]
[SourceTitle "CB07_2024"]
[SourceDate "2024.02.14"]
[SourceVersion "1"]
[SourceVersionDate "2024.02.14"]
[SourceQuality "1"]

1. e4 c6 2. d4 d5 3. f3 dxe4 4. fxe4 e5 5. Nf3 Bg4 6. c3 Nd7 7. Be2 Bxf3 8. Bxf3 Ngf6 9. 0-0 Be7 10. Be3 0-0 11. Nd2 Qc7 12. Qe1 Rfe8 13. Qg3 Rac8 14. Nc4 Bf8 15. a4 b5 16. Nxe5 Nxe5 17. dxe5 Qxe5 18. Qxe5 Rxe5 19. Bd4 Bc5 20. Kh1 Bxd4 21. cxd4 Re7 22. e5 Ne8 23. Rac1 Rd8 24. Rfd1 bxa4 25. Bxc6 f6 26. exf6 Nxf6 27. Bxa4 Re2 28. Rc2 Rxc2 29. Bxc2 Kf8 30. h3 Ke7 31. Kh2 Rc8 32. Bd3 Rb8 33. Ra1 Rb7 34. Bc4 Rd7 35. b3 Ne4 36. d5 Kd6 37. Ra6+ Kc5 38. Ra5+ Kd4 39. Be2 Nd2 40. Bg4 Rxd5 41. Rxa7 h5 42. Be2 Re5 43. Rd7+ Ke3 44. Ba6 Ra5 45. Rd3+ Ke2 46. Rd6+ Ke3 47. b4 Ra3 48. Re6+ Kf4 49. Be2 Rb3 50. b5 Rb1 51. b6 Nf1+ 52. Bxf1 Rxf1 53. Rg6 Rb1 54. h4 Rb5 55. Kg1 Rb2 56. Kf1 Ke3 57. Kg1 Kf4 58. Kh2 Kf5 59. Rxg7 Rxb6 60. Rg5+ Kf4 61. g3+ Kf3 62. Rxh5 Rb1 63. Rf5+ 1-0

[Event "EU-ch 23rd"]
[Site "Vrnjacka Banja"]
[Date "2023.03.10"]
[Round "8"]
[White "Leskovac, Nikola"]
[Black "Bozanic, Jovan"]
[Result "1/2-1/2"]
[WhiteElo "2103"]
[BlackElo "1934"]
[PlyCount "95"]
[EventDate "2023.03.03"]
[EventType "swiss"]
[EventRounds "11"]
[EventCountry "SRB"]
[SourceTitle "CBM 213"]
[Source "ChessBase"]
[SourceDate "2023.04.30"]
[SourceVersion "1"]
[SourceVersionDate "2023.04.30"]
[SourceQuality "1"]

1. e4 g6 2. d4 Bg7 3. Nc3 d6 4. h4 h5 5. Be3 a6 6. f3 b5 7. Qd2 Bb7 8. a3 Nd7 9. 0-0-0 c5 10. Kb1 cxd4 11. Bxd4 Bxd4 12. Qxd4 Ngf6 13. Nh3 Qb6 14. Qd2 Rc8 15. Nf4 Ne5 16. Be2 Nc4 17. Bxc4 Rxc4 18. Rhe1 b4 19. Na4 Qa5 20. b3 0-0 21. bxc4 Qxa4 22. Qxb4 Qc6 23. e5 dxe5 24. Rxe5 Rb8 25. Rxe7 Qc8 26. Ka1 Bxf3 27. Qd6 Bxd1 28. Qxf6 Qf8 29. Nxg6 Qg7 30. Rxf7 Qxf6+ 31. Rxf6 a5 32. Ra6 Bxc2 33. c5 Rb5 34. Rc6 Be4 35. Rc8+ Kf7 36. Nf4 Ke7 37. c6 Rb3 38. c7 Kd7 39. Ka2 Rxa3+ 40. Kxa3 Kxc8 41. g3 Bf3 42. Ka4 Kxc7 43. Kxa5 Kd6 44. Kb4 Ke5 45. Nh3 Kd4 46. Nf4 Ke3 47. Kc3 Kf2 48. Nxh5 1/2-1/2

[Event "EU-ch 23rd"]
[Site "Vrnjacka Banja"]
[Date "2023.03.05"]
[Round "3"]
[White "Leskovac, Nikola"]
[Black "Kovac, Mihael"]
[Result "1-0"]
[WhiteElo "2103"]
[BlackElo "1784"]
[PlyCount "73"]
[EventDate "2023.03.03"]
[EventType "swiss"]
[EventRounds "11"]
[EventCountry "SRB"]
[SourceTitle "CBM 213"]
[Source "ChessBase"]
[SourceDate "2023.04.30"]
[SourceVersion "1"]
[SourceVersionDate "2023.04.30"]
[SourceQuality "1"]

1. e4 c5 2. Nf3 e6 3. b3 d6 4. c4 e5 5. g3 g6 6. Bg2 Bg7 7. 0-0 Ne7 8. Nc3 Nbc6 9. Nd5 h6 10. Bb2 0-0 11. d3 Bg4 12. h3 Bxf3 13. Bxf3 Nxd5 14. cxd5 Nd4 15. Bxd4 cxd4 16. b4 h5 17. Bg2 Bh6 18. f4 Rc8 19. Rf3 Rc3 20. Qa4 a6 21. Raf1 exf4 22. gxf4 Qc7 23. b5 Qc5 24. bxa6 b5 25. Qd1 Ra8 26. Rg3 Kf8 27. e5 Rxa6 28. f5 Rc1 29. Qf3 Be3+ 30. Kh1 g5 31. e6 Rxa2 32. Qxh5 Rxf1+ 33. Bxf1 Qxd5+ 34. Rf3 Qb7 35. Qh8+ Ke7 36. f6+ Kxe6 37. Qe8+ 1-0

[Event "SRB-ch U18"]
[Site "Novi Sad"]
[Date "2022.08.07"]
[Round "9.2"]
[White "Milosevic, Milos"]
[Black "Leskovac, Nikola"]
[Result "1-0"]
[WhiteElo "2342"]
[BlackElo "1987"]
[PlyCount "85"]
[EventDate "2022.08.01"]
[EventType "tourn"]
[EventRounds "9"]
[EventCountry "SRB"]
[SourceTitle "CBM 209 Extra"]
[Source "ChessBase"]
[SourceDate "2022.09.30"]
[SourceVersion "1"]
[SourceVersionDate "2022.09.30"]
[SourceQuality "1"]

1. e4 c6 2. d4 d5 3. Nc3 dxe4 4. Nxe4 Nf6 5. Nxf6+ exf6 6. c3 Bd6 7. Bd3 0-0 8. Qc2 g6 9. Ne2 Qc7 10. h3 Re8 11. 0-0 Be6 12. c4 Nd7 13. Nc3 Rac8 14. Bd2 f5 15. Rfe1 Nf6 16. Bg5 Nh5 17. d5 cxd5 18. cxd5 Bd7 19. Qd2 f6 20. Bh6 Be5 21. Rac1 Qa5 22. Be2 Ng7 23. Bf3 Rc4 24. d6 Rd4 25. Qc2 Rxd6 26. Qb3+ Be6 27. Qxb7 Rd7 28. b4 Qa3 29. Qb5 Rb8 30. Qa5 Qxb4 31. Rxe5 fxe5 32. Qxe5 Bc4 33. Rb1 Qxb1+ 34. Nxb1 Rxb1+ 35. Kh2 Rb5 36. Qc3 Rc5 37. Be2 Rdc7 38. Be3 R5c6 39. Bf3 Ra6 40. Bd5+ Kh8 41. Bd4 Ra4 42. Be5 Re7 43. Bxc4 1-0

[Event "SRB-ch U18"]
[Site "Novi Sad"]
[Date "2022.08.05"]
[Round "6.4"]
[White "Leskovac, Nikola"]
[Black "Bozanic, Jovan"]
[Result "1/2-1/2"]
[WhiteElo "1987"]
[BlackElo "1783"]
[PlyCount "106"]
[EventDate "2022.08.01"]
[EventType "tourn"]
[EventRounds "9"]
[EventCountry "SRB"]
[SourceTitle "CBM 209 Extra"]
[Source "ChessBase"]
[SourceDate "2022.09.30"]
[SourceVersion "1"]
[SourceVersionDate "2022.09.30"]
[SourceQuality "1"]

1. e4 c5 2. Nf3 d6 3. d4 cxd4 4. Nxd4 Nf6 5. Nc3 a6 6. f3 e5 7. Nb3 Be6 8. Be3 h5 9. Qd2 Nbd7 10. 0-0-0 b5 11. Kb1 Be7 12. h3 Rc8 13. f4 b4 14. Nd5 Nxe4 15. Qxb4 Bxd5 16. Rxd5 Ndf6 17. Rd1 exf4 18. Bb6 Rb8 19. Bxd8 Rxb4 20. Bxe7 Kxe7 21. Bxa6 d5 22. Rhe1 Kd6 23. a3 Rb6 24. Bc4 Ke5 25. Bd3 Rhb8 26. Kc1 g5 27. Nd2 Kf5 28. b4 R6b7 29. c4 Re7 30. Re2 dxc4 31. Nxc4 Rd8 32. Bxe4+ Rxe4 33. Rxe4 Rxd1+ 34. Kxd1 Nxe4 35. Ke1 Ke6 36. a4 Kd5 37. a5 Nc3 38. a6 Nb5 39. Nb6+ Kc6 40. Nc8 Kc7 41. Ne7 Kb6 42. Ng8 Kxa6 43. Nf6 Nd4 44. Nxh5 Kb5 45. Nf6 Kxb4 46. Ne4 Ne6 47. Kf2 f5 48. Nd6 Nd4 49. Nf7 Ne6 50. Nh6 Nd4 51. Ng8 Kc5 52. Ne7 Kd6 53. Ng6 Ke6 1/2-1/2